| 000 | 00705nam a2200169Ii 4500 | ||
|---|---|---|---|
| 003 | JO-AjNU | ||
| 008 | 230606s9999||||xx |||||||||||||| ||und|| | ||
| 040 |
_aJO-AjNU _beng _erda _cJO-AjNU |
||
| 041 | _aeng | ||
| 050 | 1 | 4 | _aQD5 1982 |
| 245 | 0 | 0 | _a معجم المصطلحات العلمية روسي-عربي الفيزياء، الكيمياء، الرياضيات، الهندسة الوصفيه، الرسم الهندسي، البيولوجيا |
| 264 | 3 | 1 | _aموسكو: دار اللغه الروسية للنشر، 1982 |
| 300 | _a245P | ||
| 336 |
_atext _btxt _2rdacontent |
||
| 337 |
_aunmediated _bn _2rdamedia |
||
| 338 |
_avolume _bnc _2rdacarrier |
||
| 999 |
_aE3163 _c3159 _d3159 |
||